000 00600nam a22002057a 4500
005 20240227103406.0
008 240227b |||||||| |||| 00| 0 eng d
020 _a8186423958
_cRs.250.00
040 _aLoreto College
041 _aEnglish
082 _a809.8896
_bTHI
100 _aThiong'o,Ngugi wa
245 _aDecolonising the mind
_bThe politics of language in African literature
_cNgugi wa Thiong'o
260 _aDelhi
_bWorldview Publications
_c2007
300 _axiv,114p
_b22cm
504 _aIncludes index
650 _a Literature,African-Criticism
850 _aLCLIB
942 _cBK
999 _c43665
_d94144